[Event "SVK-ch U14 rapid"]
[Site "Poprad"]
[Date "2025.05.03"]
[Round "7"]
[White "Boba, Kristian"]
[Black "Kralovensky, Jan"]
[Result "1-0"]
[WhiteElo "1934"]
[BlackElo "1517"]
[PlyCount "53"]
[EventDate "2025.05.03"]
[EventType "swiss (rapid)"]
[EventRounds "7"]
[EventCountry "SVK"]
[SourceTitle "CB19_2025"]
[SourceDate "2025.05.07"]
[SourceVersion "1"]
[SourceVersionDate "2025.05.07"]
[SourceQuality "1"]

1. d4 d5 2. Bf4 Nf6 3. e3 Bf5 4. Nc3 e6 5. Nf3 c5 6. Bb5+ Nbd7 7. Bg5 cxd4 8. exd4 Be7 9. Ne5 a6 10. Bxf6 Bxf6 11. Bxd7+ Ke7 12. Ba4 Be4 13. f3 Bg6 14. b4 Qc7 15. Nxg6+ hxg6 16. Qd3 Rac8 17. Ne2 Rxh2 18. 0-0-0 Rxg2 19. b5 Qa5 20. Qa3+ Ke8 21. b6+ Qxa4 22. Qxa4+ Rc6 23. Qxc6+ bxc6 24. b7 Bg5+ 25. Kb1 Rxe2 26. b8Q+ Bd8 27. Rh8+ 1-0

[Event "SVK-ch U08"]
[Site "Liptovsky Mikulas"]
[Date "2018.04.24"]
[Round "6"]
[White "Kulich, Filip"]
[Black "Boba, Kristian"]
[Result "0-1"]
[WhiteElo "1000"]
[BlackElo "1050"]
[PlyCount "74"]
[EventDate "2018.04.21"]
[EventType "swiss"]
[EventRounds "9"]
[EventCountry "SVK"]
[SourceTitle "CBM 184 Extra"]
[Source "ChessBase"]
[SourceDate "2018.06.28"]
[SourceVersion "1"]
[SourceVersionDate "2018.06.28"]
[SourceQuality "1"]

1. e4 e5 2. Nf3 Nc6 3. Bb5 Nf6 4. Nc3 Bb4 5. 0-0 0-0 6. Bxc6 dxc6 7. Nxe5 Bxc3 8. bxc3 Nxe4 9. Re1 Nf6 10. d4 Bd7 11. Bg5 Be6 12. Qd3 a6 13. Bxf6 Qxf6 14. Re3 Bf5 15. Qe2 b5 16. g4 Bc8 17. Rh3 h6 18. Qe4 Rb8 19. Nxc6 Bb7 20. Ne7+ Kh8 21. g5 Qxg5+ 22. Rg3 Qxg3+ 23. hxg3 Bxe4 24. Re1 Bxc2 25. Nc6 Rbe8 26. Ne5 Kh7 27. Nf3 Rxe1+ 28. Nxe1 Be4 29. Kf1 a5 30. Ke2 Bd5 31. Nd3 Bc4 32. Kd2 Bxa2 33. Ne5 b4 34. cxb4 axb4 35. Kc1 Rb8 36. Nd3 g5 37. Kb2 Bc4 0-1

[Event "Liptovsky Mikulas V4 U11 op"]
[Site "Liptovsky Mikulas"]
[Date "2017.06.24"]
[Round "6"]
[White "Melnikov, Ivan"]
[Black "Boba, Kristian"]
[Result "0-1"]
[WhiteElo "1100"]
[BlackElo "1103"]
[PlyCount "56"]
[EventDate "2017.06.22"]
[EventType "swiss"]
[EventRounds "9"]
[EventCountry "SVK"]
[SourceTitle "CBM 179 Extra"]
[Source "ChessBase"]
[SourceDate "2017.08.23"]
[SourceVersion "1"]
[SourceVersionDate "2017.08.23"]
[SourceQuality "1"]

1. e4 e5 2. Bc4 Nc6 3. Nf3 Nf6 4. Ng5 d5 5. exd5 Nxd5 6. Nxf7 Kxf7 7. Qf3+ Ke8 8. Bxd5 Qd7 9. 0-0 Bc5 10. Nc3 Rf8 11. Bxc6 bxc6 12. Qe2 Qe6 13. Kh1 Bb7 14. Re1 Bd4 15. Qd3 c5 16. Qb5+ Qc6 17. Qxc6+ Bxc6 18. f3 Rxf3 19. Ne2 Bf2 20. Rf1 Ke7 21. d3 Raf8 22. Bg5+ Kd7 23. Bh4 h6 24. Bxf2 Rxf2 25. Rxf2 Rxf2 26. Re1 Rxg2 27. Rg1 Rxe2+ 28. Rg2 Re1# 0-1

[Event "Liptovsky Mikulas V4 U11 op"]
[Site "Liptovsky Mikulas"]
[Date "2017.06.23"]
[Round "4"]
[White "Gollner, Martin"]
[Black "Boba, Kristian"]
[Result "1-0"]
[WhiteElo "1000"]
[BlackElo "1103"]
[PlyCount "84"]
[EventDate "2017.06.22"]
[EventType "swiss"]
[EventRounds "9"]
[EventCountry "SVK"]
[SourceTitle "CBM 179 Extra"]
[Source "ChessBase"]
[SourceDate "2017.08.23"]
[SourceVersion "1"]
[SourceVersionDate "2017.08.23"]
[SourceQuality "1"]

1. e4 e5 2. Nf3 Nc6 3. Bc4 h6 4. Nc3 Nf6 5. 0-0 Be7 6. d3 0-0 7. Be3 b6 8. d4 exd4 9. Bxd4 Nxd4 10. Nxd4 c5 11. Nf5 Bb7 12. Qd3 a6 13. Bd5 Nxd5 14. exd5 a5 15. Qe4 Re8 16. Qg4 Bg5 17. Qh5 Qf6 18. Qf3 Qg6 19. Nb5 Ba6 20. Nc7 Bxf1 21. Nxa8 Be2 22. Qh3 Rxa8 23. Ne7+ Bxe7 24. Re1 Qxc2 25. Qe3 Re8 26. d6 Kf8 27. Rxe2 Qb1+ 28. Re1 Qg6 29. dxe7+ Rxe7 30. Qxe7+ Kg8 31. Qe8+ Kh7 32. Qxd7 c4 33. h3 a4 34. a3 Qc2 35. Qxf7 Qxb2 36. Qf5+ g6 37. Qf7+ Qg7 38. Re7 Qxf7 39. Rxf7+ Kg8 40. Rb7 b5 41. Rxb5 c3 42. Rc5 c2 1-0